| 000 | 00972nam a22002537a 4500 | ||
|---|---|---|---|
| 005 | 20180523155735.0 | ||
| 010 | _a1718EN-30 ENG-121976 B-682310-312 | ||
| 020 |
_a9788126563715 _c654.00 |
||
| 035 | _aEN-105508 | ||
| 035 | _aB-682310-312 | ||
| 037 |
_bPragati _adpl |
||
| 037 | _bDBAD/PUB | ||
| 082 | _a338.4791 | ||
| 100 | _aGoeldner, Charles R. | ||
| 245 |
_aTourism : _cby Charles R. Goeldner [and] J.R. Brent Ritchie _bprinciples, practices, philosophies / |
||
| 250 | _a12th ed | ||
| 260 |
_aNew Delhi _bWiley India _c2017 |
||
| 270 |
_a4435-36/7, Ansari Road, Daryaganj, _bNew Delhi _e110002 |
||
| 300 | v |
_axviii,494p. _c25cm(pbk) |
|
| 500 | _aIncludes bibliographical references and index | ||
| 700 | _aRitchie, J.R. Brent | ||
| 942 |
_2ddc _cEN _mGOE _h338.4791 |
||
| 999 |
_c145740 _d145740 |
||